Statistical and adaptive signal processing : (Record no. 175755)
[ view plain ]
| 000 -LEADER | |
|---|---|
| fixed length control field | 01264 a2200229 4500 |
| 003 - CONTROL NUMBER IDENTIFIER | |
| control field | Nust |
| 005 - DATE AND TIME OF LATEST TRANSACTION | |
| control field | 20170207152510.0 |
| 010 ## - LIBRARY OF CONGRESS CONTROL NUMBER | |
| LC control number | 2005045267 |
| 020 ## - INTERNATIONAL STANDARD BOOK NUMBER | |
| International Standard Book Number | 1580536107 (alk. paper) |
| 040 ## - CATALOGING SOURCE | |
| Transcribing agency | Nust |
| 082 00 - DEWEY DECIMAL CLASSIFICATION NUMBER | |
| Classification number | 621.3822 |
| 100 1# - MAIN ENTRY--PERSONAL NAME | |
| Personal name | Manolakis, Dimitris G. |
| 245 10 - TITLE STATEMENT | |
| Title | Statistical and adaptive signal processing : |
| Remainder of title | spectral estimation, signal modeling, adaptive filtering, and array processing / |
| Statement of responsibility, etc. | Dimitris G. Manolakis, Vinay K. Ingle, Stephen M. Kogon. |
| 260 ## - PUBLICATION, DISTRIBUTION, ETC. | |
| Place of publication, distribution, etc. | Boston : |
| Name of publisher, distributor, etc. | McGraw hill |
| Date of publication, distribution, etc. | 2005. |
| 300 ## - PHYSICAL DESCRIPTION | |
| Extent | xviii, 796 p. : |
| Other physical details | ill. ; |
| Dimensions | 26 cm. |
| 440 #0 - SERIES STATEMENT/ADDED ENTRY--TITLE | |
| Title | Artech House signal processing library |
| 505 ## - FORMATTED CONTENTS NOTE | |
| Formatted contents note | Introduction (Page ), Fundamentals Of Discrete-Time Signal Processing (Page 33 ), Random Variables, Vectors And Sequences (Page 75 ), Linear Signal Models (Page 149 ), Nonparametric Power Spectrum Estimation (Page 195 ).Optimum Linear Filters (Page 261 ), Algorithms And Structures For Optimum Linear Filters (Page 333), Least-Squares Filtering And Prediction (Page 395), Signal Modeling And Parametric Spectral Estimation (Page 445).Adaptive Filters (Page 499 ), Array Processing (Page 621). |
| 538 ## - SYSTEM DETAILS NOTE | |
| System details note | Almirah No 26 Shelf No 3 |
| 650 #0 - SUBJECT ADDED ENTRY--TOPICAL TERM | |
| Topical term or geographic name entry element | Telecommunication engineering |
| 700 1# - ADDED ENTRY--PERSONAL NAME | |
| Personal name | Ingle, Vinay K. |
| 700 1# - ADDED ENTRY--PERSONAL NAME | |
| Personal name | Kogon, Stephen M. |
| 942 ## - ADDED ENTRY ELEMENTS (KOHA) | |
| Koha item type | Reference |
| Withdrawn status | Lost status | Source of classification or shelving scheme | Damaged status | Not for loan | Permanent Location | Current Location | Shelving location | Date acquired | Full call number | Barcode | Date last seen | Price effective from | Koha item type | Public note |
|---|---|---|---|---|---|---|---|---|---|---|---|---|---|---|
| Military College of Signals (MCS) | Military College of Signals (MCS) | General Stacks | 12/12/2016 | 621.3822,MAN | MCS28180 | 12/08/2016 | 12/12/2016 | Book | Almirah No.36, Shelf No.5 |
